Estadísticas para Naciones Célticas

Haz click aquí para tomar la prueba!

Estadísticas generales

  • Esta prueba ha sido tomada 909 veces
  • La puntuación promedio es 4 de 6

Estadísticas de respuestas

Nombre céltico Nombre español % Correcto
ÉireIrlanda
97%
AlbaEscocia
88%
CymruGales
86%
BreizhBretaña
59%
ManninIsla de Man
29%
KernowCornualles
21%

Distribución de puntuación

Porcentaje por número respondido

Porcentaje de gente con cada puntuación

Historial de tus puntuaciones

No has tomado esta prueba